00533 a2200169 4500001000700000020002200007040001100029100003500040240006300075245005800138300000800196362000900204697002100213942000700234952010300241999001900344192780 a978-85-260-1722-1 cMagnum aBrandão, Ignácio de Loyola10aIgnácio de loyola brandão: crônicas para jovenslpor10aIgnácio de loyola brandão: crônicas para jovens a1110 a2013 aLITERATURA GERAL cBK 00104070a32.5b32.5d2024-06-08l0o869.4.853pMAG00071153r2024-06-08 21:19:46w2024-06-08yBK c192780d192780